| 000 | 00874nam a22002537a 4500 | ||
|---|---|---|---|
| 003 | DO-SdBNP | ||
| 005 | 20180313105706.0 | ||
| 008 | 160425b 2005 dr 00| 0 fre d | ||
| 020 | _a9789945110692 (v. 1) | ||
| 020 | _a9789945110739 ( v. 2) | ||
| 040 |
_aBPMSU _bfre _cBPMSU |
||
| 082 | 4 |
_axxxx _bxxxx |
|
| 100 | 1 | _aFlores Infante, Tania | |
| 245 | 1 |
_aEntre amis 2 : _beducación básica / _cTania Flores Infante ; dirección editorial Obdulia García de Escobar |
|
| 260 |
_aSanto Domingo : _bSantillana, _c2005. |
||
| 300 |
_a2 v. : _bil., _c28 cm. |
||
| 490 | 1 | _aÁmbar | |
| 500 | _aLa biblioteca posee el libro y el cahier 6to. curso. Educación básica | ||
| 700 | 1 |
_aGarcía de Escobar, Obdulia, _eed. |
|
| 830 | 0 | _aÁmbar | |
| 942 |
_2ddc _cBK |
||
| 945 | _ainventariado, 2018 / dg Remanejado para la BNPHU / 2018 BT | ||
| 956 |
_aBTAVAREZ _b10 _cBPMSU _d20180307 _f0038 |
||
| 999 |
_c9924 _d9924 |
||